Films Disney - Statistiques

Statistiques générales
  • Ce quiz a été pris 571 fois
  • Le résultat moyen est 13 sur 32
Statistiques - réponses
Réponse % Correct
Blanche neige
86%
Cendrillon
79%
Raiponce
68%
Mulan
66%
La belle au bois dormant
63%
Le roi lion
62%
La petite sirène
60%
La reine des neiges
57%
Pocahontas
55%
La belle et le clochard
52%
Dumbo
50%
Peter pan
49%
Bambi
48%
Rebelle
48%
Pinocchio
47%
vaiana
47%
Le livre de la jungle
44%
Toy story
43%
Alice au pays des merveilles
34%
Robin des bois
30%
Coco
28%
Ratatouille
28%
zootopie
24%
nemo
21%
Les indestructibles
20%
Wall-e
17%
101 dalmatiens
11%
Pirates des caraibes
8%
Star wars
8%
Mary popins
3%
Narnia
2%
Casse noisette
1%
Aucun quiz correspondant
Distribution des résultats
% des personnes avec chaque résultat
Percentile par nombre de réponses
Votre historique - résultats
Vous n’avez pas pris ce quiz